ბათუმის შოთა რუსთაველის სახელმწიფო უნივერსიტეტის ბიბლიოთეკა

პიესები:ლალი,სიყვარული და სხვები; (ბიბ.ჩანაწერი № 39670)

000 -LEADER
fixed length control field 01004nam a2200241Ia 4500
001 - CONTROL NUMBER
control field 6273
003 - CONTROL NUMBER IDENTIFIER
control field GE_BSU
008 - FIXED-LENGTH DATA ELEMENTS--GENERAL INFORMATION
fixed length control field 181216s||||||||xx |||||||||||||| ||und||
040 ## - CATALOGING SOURCE
Transcribing agency GE_BSU
080 ## - UNIVERSAL DECIMAL CLASSIFICATION NUMBER
Universal Decimal Classification number 821.353.1-2
100 ## - MAIN ENTRY--PERSONAL NAME
Personal name ბათიაშვილი,გურამ.
245 ## - TITLE STATEMENT
Title პიესები:ლალი,სიყვარული და სხვები;
245 ## - TITLE STATEMENT
Remainder of title მონოლოგი დაბადებაზე; პიესის კითხვა; ვალი.
245 ## - TITLE STATEMENT
Statement of responsibility, etc. რედ:ვ.ბურკაძე.
260 ## - PUBLICATION, DISTRIBUTION, ETC.
Place of publication, distribution, etc. თბილისი.
260 ## - PUBLICATION, DISTRIBUTION, ETC.
Name of publisher, distributor, etc. საქ. თეატრალური საზ-ბა.
260 ## - PUBLICATION, DISTRIBUTION, ETC.
Date of publication, distribution, etc. 1981
300 ## - PHYSICAL DESCRIPTION
Extent 243გვ;20სმ.
653 ## - INDEX TERM--UNCONTROLLED
Uncontrolled term მონოლოგი დაბადებაზე; პიესის კითხვა; ვალი
653 ## - INDEX TERM--UNCONTROLLED
Uncontrolled term პიესები.
653 ## - INDEX TERM--UNCONTROLLED
Uncontrolled term პიესები:ლალი,სიყვარული და სხვები
942 ## - ADDED ENTRY ELEMENTS (KOHA)
Koha item type წიგნი
ეგზემპლარები
Withdrawn status Lost status Damaged status Not for loan Date acquired Barcode Date last seen Price effective from Koha item type
        2018-12-17 13910 2018-12-17 2018-12-17 წიგნი